| 000 | 00835nam a2200265Ia 4500 | ||
|---|---|---|---|
| 001 | dia_6074 | ||
| 003 | CHAP | ||
| 005 | 20230628130015.0 | ||
| 008 | 220117s2002 xx 000 0 und d | ||
| 010 | _a177282 | ||
| 040 | _cCHAP | ||
| 082 | _a664.0282 C43 2002 | ||
| 100 |
_aCharbonneau, James _9160781 |
||
| 245 |
_aContainer corrosion : shelf life guide for metal cans / _c James Charbonneau |
||
| 260 |
_aEstados Unidos de América : _b National Food Processors Association, _c2002 |
||
| 300 | _aiv, 27 p. | ||
| 504 | _aBibliografĂa: p. 25-26 | ||
| 590 | _aTP374.5 C66 2002 | ||
| 650 |
_aCans _xDeterioration _9160782 |
||
| 650 |
_aLatas de conserva _xDererioro _9160783 |
||
| 901 | _a664.0282 C43 2002 | ||
| 902 | _aM | ||
| 905 | _a5232272002 -USDN 8222123322ENG16 | ||
| 942 |
_cLIBRO _2ddc |
||
| 999 |
_c177282 _d177282 |
||